Zasady planowania i projektowania systemów kanalizacyjnych w aglomeracjach miejsko-przemyslowych i duzych miastach
Saved in:
| Other Authors: | |
|---|---|
| Format: | Book |
| Language: | Polish |
| Published: |
Warszawa
Instytut ksztaltowania srodowiska
1983
|
| Tags: |
No Tags, Be the first to tag this record!
|
MARC
| LEADER | 00000nam a2200000 4500 | ||
|---|---|---|---|
| 001 | c133624 | ||
| 005 | 20231108091823.5 | ||
| 041 | 0 | |a pol | |
| 044 | |a PL | ||
| 245 | 1 | 0 | |a Zasady planowania i projektowania systemów kanalizacyjnych w aglomeracjach miejsko-przemyslowych i duzych miastach |c Red. Pawel Blaszczyk |
| 264 | 1 | |a Warszawa |b Instytut ksztaltowania srodowiska |c 1983 | |
| 300 | |a 149 s. | ||
| 700 | 1 | |a Blaszczyk, Pawel | |